Hướng dẫn thực hành kinh tế học vĩ mô

Guardat en:
Dades bibliogràfiques
Autor principal: Pgs. Ts.Vũ Kim DungPgs.Ts.Phạm Văn Minh
Format: Llibre
Idioma:Vietnamese
Publicat: Giáo dục 2010
Etiquetes: Afegir etiqueta
Sense etiquetes, Sigues el primer a etiquetar aquest registre!
Thư viện lưu trữ: Mạng thư viện Đại học Đà Nẵng
LEADER 00662nam a2200277 4500
001 000025943
003 1487
005 20150325120000.0
008 150325s vm 000 vie
020 |c 0,0000 
040 |a D4 
100 |a Pgs. Ts.Vũ Kim DungPgs.Ts.Phạm Văn Minh 
245 |a Hướng dẫn thực hành kinh tế học vĩ mô 
260 |b Giáo dục  |c 2010 
300 |a 187tr. ; 
OWN |a LTT 
999 |a From the UDN01 
TYP |a Monograph 
TYP |a Printed language 
980 |a Mạng thư viện Đại học Đà Nẵng